Estados mais populosos dos Estados Unidos - Statistics

Estatísticas Gerais
  • Esse quiz foi jogado 179 vezes
  • A pontuação média é 12 de 20
Estatísticas das Respostas
População Estado % Correto
31.290.831 Texas
96%
39.431.263 Califórnia
93%
23.372.215 Flórida
90%
19.867.248 Nova Iorque
90%
11.046.024 Carolina do Norte
80%
7.958.180 Washington
76%
13.078.751 Pensilvânia
68%
11.180.878 Geórgia
67%
7.582.384 Arizona
65%
11.883.304 Ohio
65%
10.140.459 Michigan
63%
12.710.158 Illinois
59%
9.500.851 Nova Jérsia
58%
8.811.195 Virgínia
51%
7.136.171 Massachusetts
50%
7.227.750 Tennessee
48%
6.924.275 Indiana
45%
6.245.466 Missouri
30%
5.960.975 Wisconsin
28%
6.263.220 Maryland
24%
Nenhum quiz correspondente encontrado
Distribuição das Pontuações
Porcentagem de Pessoas com Cada Pontuação
Percentil de Números Respondidos
Sua Pontuação Histórica
Você não jogou esse quiz